| 000 | 03289cam a2200481 a 4500 | ||
|---|---|---|---|
| 001 | 1147087 | ||
| 003 | OSt | ||
| 005 | 20180117085943.0 | ||
| 008 | 960814s1997 wiua b 001 0 eng | ||
| 010 | _a 95083695 | ||
| 020 | _a069728901X | ||
| 040 |
_aDLC _cDLC _dDLC |
||
| 050 | 0 | 0 |
_aPN4781 _b.M4 1997 |
| 082 | 0 | 0 |
_a070.4/3 _220 |
| 100 | 1 | _aMencher, Melvin. | |
| 245 | 1 | 0 |
_aNews reporting and writing / _cMelvin Mencher. |
| 250 | _a7th ed. | ||
| 260 |
_aMadison, WI : _bBrown & Benchmark Publishers, _cc1997. |
||
| 300 |
_axx, 711 p. : _bill. ; _c24 cm. |
||
| 504 | _aIncludes bibliographical references and indexes. | ||
| 650 | 0 | _aReporters and reporting. | |
| 650 | 0 |
_aJournalism _xAuthorship. |
|
| 650 | 0 | _aReport writing. | |
| 906 |
_a7 _bcbc _corignew _d3 _eopcn _f19 _gy-gencatlg |
||
| 942 |
_2ddc _cBK |
||
| 999 |
_c2545 _d2545 |
||